Statistics for Condom Fish and Tone Art: Translate Common Words From Icelandic To English

Click here to take the quiz!

General Stats

  • This quiz has been taken 44 times
    (43 since last reset)
  • The average score is 9 of 20

Answer Stats

Icelandic Literal Translation English % Correct
laugardagurlaundry daySaturday
78%
flugvélflight engineairplane
73%
símiwiretelephone
73%
ljósaperalight pearlight bulb
70%
tónlisttone artmusic
63%
myndavélimage enginecamera
60%
sjónvarpsight throwingtelevision
60%
fjölskyldamultiple dutyfamily
53%
skemmtilegtamusing-likefun
48%
rafmagnamber powerelectricity
48%
auglýsingeye descriptionadvertisement
40%
þunglyndurheavy tempereddepressed
40%
hafnaboltiharbor ballbaseball
38%
farfuglaheimilimigrating birds' homehostel
30%
timburmennwood menhangover
28%
hveitibrauðsdagarwheat bread dayshoneymoon
25%
smokkfiskurcondom fishsquid
23%
gæsalappagoose feetquotation marks
20%
bensíngjöfgasoline giftaccelerator pedal
15%
hvalrekibeached whalewindfall
8%

Score Distribution

Percentile by Number Answered

Percent of People with Each Score

Your Score History

You have not taken this quiz since the last reset